[Event "400 Stay Safe Play From Home series"]
[Site "Emanuel Lasker Arena"]
[Date "2020.08.21"]
[Round "3"]
[White "IceQueen"]
[Black "NTBT_DHS"]
[Result "0-1"]
[WhiteElo "2478"]
[BlackElo "2538"]
[Annotator "TA"]
[PlyCount "116"]
[EventDate "2020.08.21"]
[EventType "swiss (blitz)"]

{[%evp 10,116,52,49,41,48,63,60,68,46,85,79,94,97,100,91,97,88,97,80,91,96,127,126,300,278,593,170,583,101,100,53,117,125,220,110,220,88,122,75,66,60,130,23,12,1,39,36,34,18,21,0,0,0,0,0,9,0,10,0,0,0,0,0,0,0,4,0,0,0,0,0,0,-11,496,496,500,493,503,195,171,12,26,27,20,-1572,-1467,-1301,-917,-891,-877,-3474,-3268,-29990,-2110,-29985,-560,-29974,415,-29988,-29969,-6227,-5302,-29985,-29986,-29992,-29984,-29990,450]} 1. e4 g6 2. Nc3 Bg7 3. d4 d6 4. Nf3 Nf6 5. Bg5 h6 6. Be3 Ng4 {B08: Pirc Defence: Classical System.} 7. Bc1 Nc6 8. h3 Nf6 {White is slightly better.} 9. Be3 e5 10. dxe5 {[%mdl 64] [#] Overworked Piece} Nxe5 $146 ({Predecessor:} 10... dxe5 11. Qxd8+ Nxd8 12. O-O-O Nd7 13. Nb5 Ne6 14. Bc4 a6 15. Bxe6 axb5 16. Bb3 O-O 17. Rd5 c6 18. Rd6 Nf6 {0-1 (54) Pieper,T (2197)-Promyshlyanskiy,V (2268) Bayern 2015}) 11. Nxe5 dxe5 12. Qxd8+ Kxd8 13. O-O-O+ Bd7 14. f3 Kc8 15. Bc4 Be8 16. Rd2 $36 {[%mdl 2048] White is really pushing.} Bf8 $2 (16... a6 $16 {might work better.} 17. Rhd1 b5) 17. Rhd1 $18 {[%csl Gd1][%cal Rd2d8]} Be7 $2 {[#]} (17... Bd7 {is more resistant.} 18. Bxf7 g5) 18. a3 $2 (18. Bc5 $1 {[%mdl 512]} Bd6 (18... Bxc5 19. Rd8#) 19. Bxd6 cxd6 20. Rxd6) 18... a6 $2 {[#]} (18... Nh5 {is a better chance.} 19. Nd5 Bd6) 19. Nd5 $2 (19. Bc5 $1 $18 {[%mdl 512]}) 19... Nxd5 $16 20. Bxd5 c6 (20... a5 $14) 21. Bb3 Kc7 (21... b6 $16 {keeps fighting.} 22. f4 (22. Bxb6 Bg5 $16) 22... exf4 23. Bxb6 Bg5) 22. a4 (22. Bxf7 $1 $18 Rh7 23. Bg8) 22... a5 (22... Rd8 $16) 23. f4 (23. Bxf7 $1 $18 Rh7 24. Bxe8 Rxe8 25. Rd7+ Kc8 26. c4) 23... f6 24. fxe5 fxe5 25. Rf2 Rf8 {[#]} (25... h5 $14) 26. Rdf1 (26. Rxf8 $1 $16 Bxf8 27. Rf1) 26... Rxf2 $11 27. Rxf2 h5 28. Bf7 Kd7 29. Rd2+ Kc7 30. Be6 b5 31. axb5 cxb5 32. Bd5 Ra6 33. c3 Rf6 34. Kc2 {Threatens to win with Bg5.} Rf1 35. Rf2 Re1 36. Bd2 Rg1 37. Be3 b4 38. Rd2 Rf1 39. Bc4 Ba4+ 40. b3 Re1 41. Bf2 Ra1 $2 {[%mdl 8192]} (41... Rxe4 $11 {and Black is okay.} 42. Bd3 Bc6) 42. bxa4 $18 Rxa4 43. Bb3 Ra3 44. Rd3 $2 (44. cxb4 {And now b5 would win.} Bxb4 45. Rd1) 44... a4 45. Bd5 $2 (45. Be6 $18 b3+ 46. Kb1) 45... b3+ $11 46. Kb1 {Hoping for Rd2.} Ra2 $1 {[%cal Ra2f2]} 47. c4 $2 {[%mdl 8192]} (47. Bg3 $11 Bd6 48. c4 Rxg2 49. c5 Bxc5 50. Bxe5+ Kb6 51. Rg3 Rxg3 52. Bxg3) 47... Rxf2 $19 {[%mdl 4096] Endgame KRB-KRB} 48. c5 Rf1+ 49. Kb2 Bxc5 50. Be6 Bd4+ 51. Ka3 Kb6 (51... Ra1+ $142 52. Kb4 b2 53. Ba2 Rxa2 54. Rd1 Ra1 55. Rxd4 b1=Q+ {[%mdl 64] Zwischenzug} 56. Kc5 Qb6+ 57. Kd5 Qxd4+ 58. Ke6 Rf1 59. h4 Qd6#) 52. Kb4 Rb1 (52... b2 $142 53. Ba2 Ra1 54. Rd1 Rxa2 55. Rb1 Ra1 56. Rxb2 Bxb2 57. h4 Kc6 58. g4 Ra3 59. gxh5 gxh5 60. Ka5 Rd3 61. Kb4 Rd4+ {[%mdl 64] Double Attack} 62. Ka5 a3 63. Ka6 Ra4#) 53. Rxd4 {KRB-KR} a3 $4 {[%mdl 8192]} (53... exd4 54. Kxa4 Kc5 55. Ka3 d3 56. Bxb3 {[#]} Rxb3+ $1 {[%mdl 512]} 57. Kxb3 Kd4 58. e5 Ke3 59. Kc4 d2 60. Kc5 d1=Q 61. e6 Ke4 62. e7 Qd5+ 63. Kb4 Qe5 64. e8=B Qxe8 65. Kc5 Qe7+ 66. Kc6 h4 67. Kb6 Kd5 68. g3 hxg3 69. h4 g2 70. Ka5 g1=Q 71. Ka4 Kc4 72. Ka5 Qga7#) 54. Kc4 $4 {[%mdl 8192]} (54. Rd6+ $18 Kc7 55. Rd7+ Kb6 56. Kxa3) 54... a2 55. Rd6+ Kc7 56. Rd5 a1=Q {Black mates.} 57. Rd7+ Kb8 58. Kb4 Qa4+ $4 {[%mdl 40960] Accuracy: White = 44%, Black = 44%. . Loss on time!?} (58... Rc1 59. Rd8+ Kb7 60. Bc8+ Kc7 61. Be6 Qc3+ 62. Kb5 Kxd8 63. g4 Kc7 64. Bg8 Ra1 65. gxh5 Ra5#) 0-1

[Event "400 Stay Safe Play From Home series"]
[Site "Emanuel Lasker Arena"]
[Date "2020.08.21"]
[Round "3"]
[White "Hickey"]
[Black "AChessPlayer"]
[Result "0-1"]
[WhiteElo "2235"]
[BlackElo "2411"]
[Annotator "TA"]
[PlyCount "60"]
[EventDate "2020.08.21"]
[EventType "swiss (blitz)"]

{[%evp 12,60,31,0,16,19,41,-3,0,0,-6,10,63,71,93,25,50,41,38,33,85,61,89,65,74,64,108,99,94,29,62,9,74,-29,-36,-25,-15,-29,-39,-64,-5,-379,-353,-1142,-949,-996,-975,-29989,-29990,-29989,-29989]} 1. Nf3 c6 2. g3 d5 3. Bg2 Nf6 4. O-O g6 5. b3 Bg7 6. Bb2 O-O 7. d3 a5 {[%cal Ba7a5,Ba5a4,Ba4a3][%mdl 32] A07: Réti Opening: New York and Capablanca Systems.} 8. Nbd2 a4 9. b4 {[#]} a3 $146 {The position is equal.} ({Predecessor:} 9... Na6 10. a3 c5 11. Rb1 cxb4 12. axb4 Nc7 13. c4 dxc4 14. dxc4 a3 15. Be5 Bf5 {0-1 (31) Ruf,M (2330)-Toshkov,T (2450) Geneve 1989}) 10. Bd4 Nbd7 11. c4 dxc4 (11... Re8 $11) 12. Nxc4 $14 Qc7 13. Bc3 ({White should try} 13. Qb3 $16) 13... b5 14. Ne3 Bb7 15. Rc1 Nb6 (15... Rfc8 $14) 16. Qb3 $16 Rfc8 17. Be5 Qd7 18. Nd4 Nfd5 19. Bxg7 Kxg7 20. Ndc2 (20. Nxd5 $16 Nxd5 21. Bxd5 cxd5 22. f4) 20... e5 21. Nd1 (21. Nxa3 $14 f6 22. Nxd5 cxd5 23. e3) 21... Qd6 (21... c5 $11 {remains equal.}) 22. Nc3 ({Better is} 22. e4 $16 Nc7 23. f4) 22... Nxc3 $1 $11 23. Qxc3 Nd5 $36 {[%mdl 2048] Black has the initiative.} 24. Qb3 Ra4 $1 25. Bxd5 cxd5 ({Black should play} 25... Qxd5 $15 26. Qxd5 cxd5) 26. Rb1 $2 {[%mdl 8192] [#] White does not recover from this.} (26. Nxa3 $11 {and White is okay.} Rxb4 27. Nxb5) 26... d4 $19 27. Rfc1 $2 (27. Rbc1) 27... Rc3 (27... Qc6 $2 28. f3 $19) 28. Nxd4 Rxb3 29. Nxb5 Rxb1 30. Rxb1 {[#]} Rxb4 $1 {Accuracy: White = 31%, Black = 69%.} 0-1

[Event "400 Stay Safe Play From Home series"]
[Site "Emanuel Lasker Arena"]
[Date "2020.08.21"]
[Round "3"]
[White "MihailoVujic"]
[Black "Mischu64"]
[Result "0-1"]
[WhiteElo "2222"]
[BlackElo "1596"]
[Annotator "NA RC"]
[PlyCount "120"]
[EventDate "2020.08.21"]
[EventType "swiss (blitz)"]

1. e4 {[%emt 0:00:01]} e5 {[%emt 0:00:01]} 2. Nf3 {[%emt 0:00:01]} Nc6 {[%emt 0:00:01]} 3. d4 {[%emt 0:00:00]} d6 {[%emt 0:00:01]} 4. Bb5 {[%emt 0:00:02]} Bd7 {[%emt 0:00:02]} 5. Bxc6 {[%emt 0:00:01]} Bxc6 {[%emt 0:00:00]} 6. Nc3 {[%emt 0:00:01]} Nf6 {[%emt 0:00:02]} 7. Bg5 {[%emt 0:00:02]} h6 {[%emt 0:00:01]} 8. Bxf6 {[%emt 0:00:01]} Qxf6 {[%emt 0:00:00]} 9. dxe5 {[%emt 0:00:01]} dxe5 {[%emt 0:00:01]} 10. Nd5 {[%emt 0:00:00]} Bxd5 {[%emt 0:00:02]} 11. Qxd5 {[%emt 0:00:00]} c6 {[%emt 0:00:02]} 12. Qb3 {[%emt 0:00:01]} O-O-O {[%emt 0:00:02]} 13. O-O {[%emt 0:00:02]} g5 {[%emt 0:00:03]} 14. Rad1 {[%emt 0:00:02]} Bc5 {[%emt 0:00:03]} 15. Nd2 {[%emt 0:00:03]} Qf4 {[%emt 0:00:03]} 16. Qf3 {[%emt 0:00:10]} Qxf3 {[%emt 0:00:01]} 17. Nxf3 {[%emt 0:00:04]} f6 {[%emt 0:00:00]} 18. Rfe1 {[%emt 0:00:02]} Be7 {[%emt 0:00:02]} 19. Kf1 {[%emt 0:00:01]} Rxd1 {[%emt 0:00:01]} 20. Rxd1 {[%emt 0:00:01]} Rd8 {[%emt 0:00:01]} 21. Rxd8+ {[%emt 0:00:00]} Kxd8 {[%emt 0:00:00]} 22. Ke2 {[%emt 0:00:01]} Kd7 {[%emt 0:00:00]} 23. Ne1 {[%emt 0:00:01]} Ke6 {[%emt 0:00:00]} 24. f3 {[%emt 0:00:01]} f5 {[%emt 0:00:01]} 25. g4 {[%emt 0:00:00]} f4 {[%emt 0:00:01]} 26. Nd3 {[%emt 0:00:01]} Kd7 {[%emt 0:00:00]} 27. c4 {[%emt 0:00:01]} Bf8 {[%emt 0:00:00]} 28. b4 {[%emt 0:00:01]} b6 {[%emt 0:00:01]} 29. Kd2 {[%emt 0:00:01]} Kc7 {[%emt 0:00:01]} 30. b5 {[%emt 0:00:01]} Kd6 {[%emt 0:00:01]} 31. bxc6 {[%emt 0:00:01]} Kxc6 {[%emt 0:00:00]} 32. Nxe5+ {[%emt 0:00:01]} Kc5 {[%emt 0:00:01]} 33. Kd3 {[%emt 0:00:02]} Bd6 {[%emt 0:00:02]} 34. Nf7 {[%emt 0:00:02]} Bc7 {[%emt 0:00:01]} 35. Nxh6 {[%emt 0:00:02]} b5 {[%emt 0:00:00]} 36. Nf7 {[%emt 0:00:00]} Kb4 {[%emt 0:00:01]} 37. Kc2 {[%emt 0:00:00]} Bb6 {[%emt 0:00:00]} 38. Nxg5 {[%emt 0:00:00]} Be3 {[%emt 0:00:00]} 39. e5 {[%emt 0:00:00]} Bd4 {[%emt 0:00:01]} 40. e6 {[%emt 0:00:00]} Kxc4 {[%emt 0:00:00]} 41. e7 {[%emt 0:00:01]} Bb6 {[%emt 0:00:00]} 42. e8=Q {[%emt 0:00:00]} b4 {[%emt 0:00:00]} 43. Qc6+ {[%emt 0:00:01]} Kd4 {[%emt 0:00:01]} 44. Ne6+ {[%emt 0:00:00]} Ke3 {[%emt 0:00:01]} 45. Qd7 {[%emt 0:00:00]} b3+ {[%emt 0:00:00]} 46. Kxb3 {[%emt 0:00:01]} Kf2 {[%emt 0:00:00]} 47. Ng5 {[%emt 0:00:00]} Kg2 {[%emt 0:00:02]} 48. Qd3 {[%emt 0:00:00]} Kxh2 {[%emt 0:00:00]} 49. Ne4 {[%emt 0:00:00]} Kh3 {[%emt 0:00:01]} 50. g5 {[%emt 0:00:00]} Bc5 {[%emt 0:00:01]} 51. g6 {[%emt 0:00:00]} Bf8 {[%emt 0:00:01]} 52. Nf6 {[%emt 0:00:00]} Bg7 {[%emt 0:00:00]} 53. Ng4 {[%emt 0:00:00]} Bf6 {[%emt 0:00:00]} 54. Qf5 {[%emt 0:00:00]} Kh4 {[%emt 0:00:00]} 55. Qh5+ {[%emt 0:00:00]} Kg3 {[%emt 0:00:00]} 56. Nxf6 {[%emt 0:00:00]} Kg2 {[%emt 0:00:00]} 57. g7 {[%emt 0:00:00]} Kf1 {[%emt 0:00:00]} 58. Qg4 {[%emt 0:00:00]} Ke2 {[%emt 0:00:00]} 59. Qxf4 {[%emt 0:00:00]} Kd1 {[%emt 0:00:00]} 60. Qc7 {[%emt 0:00:00]} Ke2 {[%emt 0:00:01]} 0-1

[Event "400 Stay Safe Play From Home series"]
[Site "Emanuel Lasker Arena"]
[Date "2020.08.21"]
[Round "3"]
[White "Schachwerk_64"]
[Black "Mepe_Nika"]
[Result "0-1"]
[WhiteElo "2021"]
[BlackElo "2308"]
[Annotator "NA RC"]
[PlyCount "52"]
[EventDate "2020.08.21"]
[EventType "swiss (blitz)"]

1. g3 {[%emt 0:00:02]} d5 {[%emt 0:00:01]} 2. Bg2 {[%emt 0:00:00]} e5 {[%emt 0:00:00]} 3. c4 {[%emt 0:00:00]} dxc4 {[%emt 0:00:02]} 4. Qa4+ {[%emt 0:00:02]} Nc6 {[%emt 0:00:01]} 5. Bxc6+ {[%emt 0:00:01]} bxc6 {[%emt 0:00:01]} 6. Qxc6+ {[%emt 0:00:00]} Bd7 {[%emt 0:00:01]} 7. Qxc4 {[%emt 0:00:00]} Nf6 {[%emt 0:00:02]} 8. Nf3 {[%emt 0:00:01]} Bd6 {[%emt 0:00:01]} 9. O-O {[%emt 0:00:01]} h5 {[%emt 0:00:00]} 10. d4 {[%emt 0:00:01]} e4 {[%emt 0:00:01]} 11. Ne5 {[%emt 0:00:01]} O-O {[%emt 0:00:03]} 12. Bg5 {[%emt 0:00:03]} Be6 {[%emt 0:00:02]} 13. Qc6 {[%emt 0:00:02]} h4 {[%emt 0:00:02]} 14. Bxh4 {[%emt 0:00:02]} Rb8 {[%emt 0:00:01]} 15. Nc3 {[%emt 0:00:03]} Rxb2 {[%emt 0:00:01]} 16. Nxe4 {[%emt 0:00:08]} Be7 {[%emt 0:00:00]} 17. Nxf6+ {[%emt 0:00:01]} Bxf6 {[%emt 0:00:01]} 18. Bxf6 {[%emt 0:00:01]} Qxf6 {[%emt 0:00:00]} 19. Qc3 {[%emt 0:00:01]} Rxe2 {[%emt 0:00:01]} 20. Qf3 {[%emt 0:00:02]} Qxf3 {[%emt 0:00:03]} 21. Nxf3 {[%emt 0:00:00]} Rb8 {[%emt 0:00:01]} 22. Rfc1 {[%emt 0:00:00]} Rbb2 {[%emt 0:00:02]} 23. Rxc7 {[%emt 0:00:02]} Rxf2 {[%emt 0:00:01]} 24. Ne1 {[%emt 0:00:01]} Rxh2 {[%emt 0:00:02]} 25. Rxa7 {[%emt 0:00:01]} Bd5 {[%emt 0:00:01]} 26. Rd7 {[%emt 0:00:03]} Rh1# {[%emt 0:00:01] (Lag: Av=0.45s, max=1.3s) (Lag: Av=0.45s, max=1.3s) (Lag: Av=0.45s, max=1.3s)} 0-1

[Event "400 Stay Safe Play From Home series"]
[Site "Emanuel Lasker Arena"]
[Date "2020.08.21"]
[Round "3"]
[White "Yuriko"]
[Black "Dreamsoldier"]
[Result "1-0"]
[WhiteElo "1944"]
[BlackElo "1247"]
[Annotator "TA"]
[PlyCount "75"]
[EventDate "2020.08.21"]
[EventType "swiss (blitz)"]

{[%evp 17,75,48,89,77,94,55,79,77,76,78,158,118,131,142,176,127,190,162,179,186,182,62,60,63,194,199,194,187,643,240,241,252,234,71,1221,1253,1232,1217,1089,875,881,873,821,690,645,566,1031,700,1242,1228,1385,1378,1231,986,1160,964,5364,5343,29989,29990]} 1. d4 Nf6 2. c4 g6 3. Nc3 Bg7 4. d5 O-O 5. e4 d6 6. Nf3 Bg4 7. Be2 Bxf3 8. Bxf3 Nbd7 9. O-O {[#]} Ne5 $146 {[#]} ({Predecessor:} 9... c6 10. Rb1 Qc7 11. b3 Nxd5 12. Nxd5 cxd5 13. Qxd5 Nc5 {½-½ (15) Obolenskikh,D (2495)-Solak,D (2618) Pavlodar 2013}) 10. Be2 $1 {E91: King's Indian: Classical: 6 Be2, unusual replies including 6...c5 and 6...Bg4.} Ned7 11. f3 c6 12. Be3 {White is better.} cxd5 13. cxd5 b6 ({Better is} 13... Qa5) 14. Rc1 Rc8 15. Qd2 Nh5 16. a3 Ne5 (16... Nc5 $16) 17. Nb5 {[%cal Bc3b5,Bb5d4,Bd4c6][%mdl 32]} a6 18. Nd4 b5 19. f4 ({White should try} 19. Rxc8 $18 Qxc8 20. Rc1) 19... Nc4 $14 20. Bxc4 $1 bxc4 (20... Rxc4 $14 21. Rxc4 bxc4) 21. Nc6 $18 Qd7 22. Rxc4 Qg4 $2 (22... Nf6 23. Qd3 Rce8) 23. Qd1 $2 (23. Nxe7+ Kh8 24. Nxc8 Rxc8 25. Rxc8+ Qxc8 26. Rc1) 23... Qxd1 24. Rxd1 Rc7 25. Rdc1 $2 (25. e5 $18 {has better winning chances.}) 25... Rfc8 $2 {[%mdl 8192] [#]} (25... Bxb2 $16 26. Rb1 Bxa3) 26. Nxe7+ $1 {[%mdl 576] Deflection} Rxe7 27. Rxc8+ Bf8 28. f5 Rxe4 29. Bh6 {[%csl Gh6][%cal Rc8f8]} Ng7 30. fxg6 hxg6 31. Kf2 Rh4 32. Bg5 Rh5 33. Be7 Rf5+ 34. Kg1 Nh5 35. Bxf8 Kh7 36. Bxd6 Nf4 37. Bxf4 Rxf4 38. Rd1 {Accuracy: White = 49%, Black = 39%.} 1-0

[Event "400 Stay Safe Play From Home series"]
[Site "Emanuel Lasker Arena"]
[Date "2020.08.21"]
[Round "3"]
[White "NIK-MCS1"]
[Black "Buzaglo"]
[Result "0-1"]
[WhiteElo "1703"]
[BlackElo "1828"]
[Annotator "NA RC"]
[PlyCount "144"]
[EventDate "2020.08.21"]
[EventType "swiss (blitz)"]

{Klyushkin, Nikolai} 1. b3 {[%emt 0:00:02]} e6 {[%emt 0:00:00]} 2. Bb2 {[%emt 0:00:00]} d5 {[%emt 0:00:00]} 3. e3 {[%emt 0:00:00]} Nf6 {[%emt 0:00:01]} 4. Nf3 {[%emt 0:00:00]} Bb4 {[%emt 0:00:01]} 5. Be2 {[%emt 0:00:00]} O-O {[%emt 0:00:01]} 6. O-O {[%emt 0:00:02]} a6 {[%emt 0:00:01]} 7. d4 {[%emt 0:00:00]} b5 {[%emt 0:00:01]} 8. a3 {[%emt 0:00:00]} Be7 {[%emt 0:00:01]} 9. Nbd2 {[%emt 0:00:00]} c5 {[%emt 0:00:00]} 10. c4 {[%emt 0:00:01]} bxc4 {[%emt 0:00:01]} 11. bxc4 {[%emt 0:00:01]} Nc6 {[%emt 0:00:01]} 12. dxc5 {[%emt 0:00:01]} Bxc5 {[%emt 0:00:01]} 13. cxd5 {[%emt 0:00:00]} Nxd5 {[%emt 0:00:01]} 14. Nd4 {[%emt 0:00:02]} Nxd4 {[%emt 0:00:01]} 15. Bxd4 {[%emt 0:00:02]} Bxd4 {[%emt 0:00:01]} 16. exd4 {[%emt 0:00:00]} Nc3 {[%emt 0:00:01]} 17. Nf3 {[%emt 0:00:00]} Nxd1 {[%emt 0:00:01]} 18. Rfxd1 {[%emt 0:00:00]} Qf6 {[%emt 0:00:01]} 19. Rac1 {[%emt 0:00:02]} Bb7 {[%emt 0:00:01]} 20. h3 {[%emt 0:00:03]} Rad8 {[%emt 0:00:01]} 21. Rd2 {[%emt 0:00:01]} Bd5 {[%emt 0:00:01]} 22. Rcd1 {[%emt 0:00:01]} Rc8 {[%emt 0:00:01]} 23. Ne5 {[%emt 0:00:01]} Rc3 {[%emt 0:00:02]} 24. Nd7 {[%emt 0:00:02]} Qe7 {[%emt 0:00:00]} 25. Nxf8 {[%emt 0:00:01]} Qxf8 {[%emt 0:00:01]} 26. Bxa6 {[%emt 0:00:01]} Qxa3 {[%emt 0:00:02]} 27. Bf1 {[%emt 0:00:00]} h6 {[%emt 0:00:02]} 28. Re1 {[%emt 0:00:02]} Qb4 {[%emt 0:00:01]} 29. Rdd1 {[%emt 0:00:00]} Rc4 {[%emt 0:00:01]} 30. Rb1 {[%emt 0:00:01]} Qc3 {[%emt 0:00:01]} 31. Bxc4 {[%emt 0:00:01]} Qxc4 {[%emt 0:00:00]} 32. Rbc1 {[%emt 0:00:01]} Qd3 {[%emt 0:00:01]} 33. Rc8+ {[%emt 0:00:00]} Kh7 {[%emt 0:00:01]} 34. Rcc1 {[%emt 0:00:00]} Qxd4 {[%emt 0:00:01]} 35. Rcd1 {[%emt 0:00:00]} Qf6 {[%emt 0:00:01]} 36. f3 {[%emt 0:00:00]} Qg5 {[%emt 0:00:01]} 37. Kh2 {[%emt 0:00:01]} Qf4+ {[%emt 0:00:01]} 38. Kh1 {[%emt 0:00:02]} Qg3 {[%emt 0:00:00]} 39. Rf1 {[%emt 0:00:01]} Bb3 {[%emt 0:00:02]} 40. Rb1 {[%emt 0:00:01]} Bc4 {[%emt 0:00:01]} 41. Ra1 {[%emt 0:00:01]} Bxf1 {[%emt 0:00:01]} 42. Rxf1 {[%emt 0:00:02]} Qe5 {[%emt 0:00:00]} 43. Ra1 {[%emt 0:00:00]} Qxa1+ {[%emt 0:00:01]} 44. Kh2 {[%emt 0:00:01]} Qe5+ {[%emt 0:00:00]} 45. Kg1 {[%emt 0:00:01]} Qf5 {[%emt 0:00:00]} 46. Kf2 {[%emt 0:00:00]} e5 {[%emt 0:00:00]} 47. Kg3 {[%emt 0:00:00]} e4 {[%emt 0:00:01]} 48. fxe4 {[%emt 0:00:02]} Qxe4 {[%emt 0:00:00]} 49. Kh2 {[%emt 0:00:00]} f5 {[%emt 0:00:01]} 50. Kh1 {[%emt 0:00:00]} f4 {[%emt 0:00:01]} 51. Kh2 {[%emt 0:00:00]} f3 {[%emt 0:00:01]} 52. gxf3 {[%emt 0:00:01]} Qxf3 {[%emt 0:00:00]} 53. h4 {[%emt 0:00:00]} Qf4+ {[%emt 0:00:01]} 54. Kh3 {[%emt 0:00:03]} Qf5+ {[%emt 0:00:01]} 55. Kg3 {[%emt 0:00:01]} g5 {[%emt 0:00:02]} 56. h5 {[%emt 0:00:01]} Qf4+ {[%emt 0:00:00]} 57. Kh3 {[%emt 0:00:01]} Qh4+ {[%emt 0:00:01]} 58. Kg2 {[%emt 0:00:00]} Qxh5 {[%emt 0:00:00]} 59. Kg1 {[%emt 0:00:01]} Qg6 {[%emt 0:00:00]} 60. Kg2 {[%emt 0:00:00]} Qf5 {[%emt 0:00:00]} 61. Kg3 {[%emt 0:00:00]} Kg7 {[%emt 0:00:00]} 62. Kh2 {[%emt 0:00:00]} Kg6 {[%emt 0:00:00]} 63. Kg2 {[%emt 0:00:00]} h5 {[%emt 0:00:00]} 64. Kg3 {[%emt 0:00:00]} Qf4+ {[%emt 0:00:01]} 65. Kg2 {[%emt 0:00:01]} Kf5 {[%emt 0:00:00]} 66. Kg1 {[%emt 0:00:00]} Kg4 {[%emt 0:00:00]} 67. Kh1 {[%emt 0:00:00]} Qf3+ {[%emt 0:00:01]} 68. Kh2 {[%emt 0:00:00]} Qg3+ {[%emt 0:00:01]} 69. Kh1 {[%emt 0:00:01]} Qa3 {[%emt 0:00:02]} 70. Kh2 {[%emt 0:00:00]} Qa2+ {[%emt 0:00:01]} 71. Kg1 {[%emt 0:00:00]} Kf3 {[%emt 0:00:01]} 72. Kf1 {[%emt 0:00:00]} Qa1# {[%emt 0:00:01] (Lag: Av=0.94s, max=2.5s) (Lag: Av=0.94s, max=2.5s) (Lag: Av=0.94s, max=2.5s)} 0-1

[Event "400 Stay Safe Play From Home series"]
[Site "Emanuel Lasker Arena"]
[Date "2020.08.21"]
[Round "3"]
[White "Trotsky"]
[Black "Lazieri3"]
[Result "0-1"]
[WhiteElo "1601"]
[BlackElo "1947"]
[Annotator "TA"]
[PlyCount "72"]
[EventDate "2020.08.21"]
[EventType "swiss (blitz)"]

{[%evp 9,71,32,81,60,72,-21,-8,-45,-46,-46,-18,-56,0,-73,7,-15,66,1,53,45,52,48,87,94,66,-61,89,-175,-86,-335,-257,-643,-341,-713,-704,-704,-693,-1316,-1269,-1206,-767,-1103,-1006,-1366,-1357,-1340,-1161,-1144,-758,-722,-720,-1726,-1700,-1674,-1167,-29989,-29990,-29993,-29978,-29978,-29977,-29998,-29999,-29999]} 1. d4 c6 2. e3 d5 3. c4 Nf6 4. Nc3 Bg4 5. f3 Bh5 6. g4 {D10: Slav Defence: 3 cxd5 (without early Nf3) and 3 Nc3.} Bg6 {[#]} 7. c5 $146 (7. g5 $16 Nfd7 8. cxd5) ({Predecessor:} 7. h4 h5 8. g5 Ng8 9. cxd5 cxd5 10. Qb3 Nc6 11. Qxb7 Qc8 12. Ba6 Nb4 13. Qb5+ {1-0 (48) Gonzalez,F (2049)-Sanchez Alvares,K (2250) chess.com INT 2020}) 7... e6 8. Bd3 {The position is equal.} Bxd3 9. Qxd3 h6 10. Bd2 Nbd7 (10... b6 $15) 11. O-O-O (11. b4 $11) 11... e5 (11... Be7 $17) 12. h4 Qc7 (12... b6 $1 $11) 13. Nh3 (13. Nge2 $14) 13... O-O-O (13... b6 $11) 14. Kb1 $14 Be7 15. Rc1 e4 16. Qc2 exf3 17. Qa4 ({White should play} 17. Qf5 $14) 17... Kb8 {[#]} (17... b5 $1 $15 {stays ahead.} 18. Qb3 Nxg4) 18. Rc2 $2 {[%mdl 8192]} (18. e4 $1 $16 {[%mdl 512] stays on course. And now Bf4 would win.} Ka8 (18... dxe4 19. Bf4) 19. exd5) 18... Ne4 {Black converts the advantage convincingly.} ({Don't take} 18... Nxg4 19. e4 $15) (18... Ka8 $19 19. Be1 Nxg4) 19. Rhc1 $2 (19. Nxe4 $17 {was necessary.} dxe4 20. Be1) 19... Qg3 ({Weaker is} 19... Bxh4 20. Nxe4 dxe4 21. Ba5 $19) 20. Ng1 $2 (20. Nxe4 Qxh3 21. Nf2) 20... Bxh4 21. Nb5 $2 (21. Nxe4 dxe4 {[#]} 22. d5 $1 {[%mdl 512]}) 21... cxb5 22. Qxb5 Nxd2+ 23. Ka1 Nc4 24. c6 Qc7 25. cxb7 Qxb7 26. Qa4 f2 27. Nh3 Ndb6 28. Qb3 Nxe3 29. Qxe3 Rhe8 30. Qd2 Nc4 31. Qc3 Re1 32. b3 f1=Q {Black mates.} 33. bxc4 Rxc1+ 34. Rxc1 Qxc4 35. Rb1 Qxc3+ 36. Rb2 Qbxb2# {Accuracy: White = 22%, Black = 23%.} 0-1

[Event "400 Stay Safe Play From Home series"]
[Site "Emanuel Lasker Arena"]
[Date "2020.08.21"]
[Round "3"]
[White "Drakandras"]
[Black "Stefanone"]
[Result "0-1"]
[WhiteElo "1462"]
[BlackElo "1968"]
[Annotator "TA"]
[PlyCount "28"]
[EventDate "2020.08.21"]
[EventType "swiss (blitz)"]

{[%evp 9,28,58,65,66,46,49,79,86,152,25,31,-8,31,-245,-217,-1027,-811,-981,-1010,-29996,-29997]} 1. e4 e6 2. d4 d5 3. Nd2 c6 4. Ngf3 f5 5. exf5 exf5 6. Bd3 {B12: Caro-Kann: Advance Variation.} Nf6 7. O-O Bd6 8. Re1+ {White is better.} Ne4 {[#]} (8... Be7 $142) 9. c3 $146 (9. Bxe4 $16 fxe4 {[#]} 10. Nxe4 $1 {[%mdl 512]} dxe4 11. Rxe4+ Kd7 12. Ne5+ Bxe5 13. Rxe5) ({Predecessor:} 9. Bxe4 fxe4 10. Nxe4 dxe4 11. Rxe4+ Kd7 12. Ne5+ Bxe5 13. Rxe5 Kc7 14. Bf4 Kb6 15. Qd2 {1-0 (27) Colovic,A (2443)-Reimanis,R (2264) chess.com INT 2017}) 9... O-O $11 10. Bc2 Qf6 11. Nxe4 $4 {[%mdl 8192] Now White is beyond hope.} (11. Ne5 $14 {stays ahead.}) 11... fxe4 $19 12. Nd2 $2 (12. Bg5 Qg6 13. Bh4) 12... Qxf2+ 13. Kh1 {[#]} Qh4 $1 {[%csl Gd6][%cal Rh4h2]} 14. h3 Qg3 {Accuracy: White = 26%, Black = 59%.} 0-1